00372 a2200109 4500001001000000005001700010008004100027245007900068100002500147700002900172773006100201ART_5116120260410162028.0260409a 10aArgentina y la oportunidad de avanzar hacia los parlamentos electrónicos1 aBorinsky, Mariano H.1 aSchurjin Almenar, Daniel0 tTemas de derecho procesalg- N° 9 (sep. 2020)wREV44095